Pruning book. (Record no. 24091)

MARC details
000 -LEADER
fixed length control field 00288nam a2200121Ia 4500
082 ## - DEWEY DECIMAL CLASSIFICATION NUMBER
Classification number 631.542
Item number WIT
100 ## - MAIN ENTRY--AUTHOR NAME
Personal name WITTROCK, Gustave T
245 #0 - TITLE STATEMENT
Title Pruning book.
260 ## - PUBLICATION, DISTRIBUTION, ETC. (IMPRINT)
Place of publication London
Name of publisher Robert Hale
Year of publication 1971
650 ## - SUBJECT ADDED ENTRY--TOPICAL TERM
Topical Term Pruning
942 ## - ADDED ENTRY ELEMENTS (KOHA)
Koha item type Books
Holdings
Withdrawn status Lost status Damaged status Not for loan Home library Current library Date acquired Full call number Accession Number Koha item type
        RRII Library RRII Library 16/12/2021 631.542 WIT 04778 Books